Theo dòng văn hóa dân gian
Sách bao gồm những bài viết về văn hóa dân gian của tác giả qua nhiều năm. Nội dung sách đề cập đến nhiều lĩnh vực của văn hóa dân gian như tín ngưỡng, văn học, địa danh, địa chí, ẩm thực, phương tiện giao thông....
محفوظ في:
| المؤلف الرئيسي: | |
|---|---|
| التنسيق: | كتاب |
| اللغة: | Undetermined |
| منشور في: |
Hà Nội
Khoa học - Xã hội
2015
|
| الموضوعات: | |
| الوسوم: |
إضافة وسم
لا توجد وسوم, كن أول من يضع وسما على هذه التسجيلة!
|
| Thư viện lưu trữ: | Trung tâm Học liệu Trường Đại học Cần Thơ |
|---|
| LEADER | 00932nam a2200205Ia 4500 | ||
|---|---|---|---|
| 001 | CTU_209450 | ||
| 008 | 210402s9999 xx 000 0 und d | ||
| 082 | |a 398.09597 | ||
| 082 | |b L462 | ||
| 100 | |a Nguyễn, Thanh Lợi | ||
| 245 | 0 | |a Theo dòng văn hóa dân gian | |
| 245 | 0 | |c Nguyễn Thanh Lợi | |
| 260 | |a Hà Nội | ||
| 260 | |b Khoa học - Xã hội | ||
| 260 | |c 2015 | ||
| 520 | |a Sách bao gồm những bài viết về văn hóa dân gian của tác giả qua nhiều năm. Nội dung sách đề cập đến nhiều lĩnh vực của văn hóa dân gian như tín ngưỡng, văn học, địa danh, địa chí, ẩm thực, phương tiện giao thông. | ||
| 650 | |a Folklore,Văn hóa dân gian | ||
| 650 | |z Vietnam,Việt Nam | ||
| 904 | |i Châu Thiên Phúc,Hải | ||
| 980 | |a Trung tâm Học liệu Trường Đại học Cần Thơ | ||